Khảo sát các bài thí nghiệm hiện đang sử dụng tại các trường THPT trên địa bàn TP. Đà Nẵng và so sánh với phòng thí nghiệm phương pháp dạy học vật lý tại khoa vật lí trường ĐHSP Đà Nẵng
Khảo sát thực trạng phòng thí nghiệm vật lí tại các trường THPT trên địa bàn TP. Đà Nẵng. Khảo sát và so sánh các bộ thí nghiệm hiện đang sử dụng tại Khoa vật lý trường ĐHSP Đà Nẵng với các trường THPT trên ddịa bàn TP ĐN
שמור ב:
| מחבר ראשי: | |
|---|---|
| מחברים אחרים: | , |
| פורמט: | ספר |
| שפה: | Vietnamese |
| יצא לאור: |
Đại học Đà Nẵng
Trường Đại Học Sư Phạm
2011
|
| סדרה: | Báo cáo nghiên cứu khoa học. Chuyên ngành : Sư phạm vật lý
|
| נושאים: | |
| תגים: |
הוספת תג
אין תגיות, היה/י הראשונ/ה לתייג את הרשומה!
|
| Thư viện lưu trữ: | Mạng thư viện Đại học Đà Nẵng |
|---|
| LEADER | 01873nam a2200349 4500 | ||
|---|---|---|---|
| 001 | 000012780 | ||
| 003 | 9099 | ||
| 005 | 20120228140239.0 | ||
| 008 | 120228s2011 viesd | ||
| 041 | |a vie | ||
| 072 | |a Công trình nghiên cứu khoa học | ||
| 082 | |a 530.078 |b TR-A | ||
| 100 | |a Trần, Thị Thùy An |e Tác giả | ||
| 245 | |a Khảo sát các bài thí nghiệm hiện đang sử dụng tại các trường THPT trên địa bàn TP. Đà Nẵng và so sánh với phòng thí nghiệm phương pháp dạy học vật lý tại khoa vật lí trường ĐHSP Đà Nẵng |c Trần Thị Thùy An, Lê Khánh Loan, Nguyễn Thị Mỹ | ||
| 260 | |a Đại học Đà Nẵng |b Trường Đại Học Sư Phạm |c 2011 | ||
| 300 | |a 30 tr. |c 29 cm | ||
| 490 | |a Báo cáo nghiên cứu khoa học. Chuyên ngành : Sư phạm vật lý | ||
| 500 | |a Tham khảo tr.30 | ||
| 520 | |a Khảo sát thực trạng phòng thí nghiệm vật lí tại các trường THPT trên địa bàn TP. Đà Nẵng. Khảo sát và so sánh các bộ thí nghiệm hiện đang sử dụng tại Khoa vật lý trường ĐHSP Đà Nẵng với các trường THPT trên ddịa bàn TP ĐN | ||
| 653 | |a thí nghiệm, phòng thí nghiệm |a THPT , ĐH Sư phạm |a Đà Nẵng | ||
| 700 | |a Lê, Hồng Sơn |c TS |e Hướng dẫn | ||
| 700 | |a Nguyễn, Nhật Quang |c Th.S |e Hướng dẫn | ||
| OWN | |a LSP | ||
| AVA | |a UDN50 |b LSP |d 530.078 TR-A |e available |t Error 5001 Not defined in file expand_doc_bib_avail. |f 1 |g 0 |h N |i 0 |k 1 | ||
| 999 | |a From the UDN01 | ||
| AVA | |a UDN50 |b LSP |d 530.078 TR-A |e available |t Error 5001 Not defined in file expand_doc_bib_avail. |f 1 |g 0 |h N |i 0 |k 1 | ||
| TYP | |a Monograph | ||
| TYP | |a Printed language | ||
| 980 | |a Mạng thư viện Đại học Đà Nẵng | ||